书目信息 |
| 题名: |
折狱明公:常万生史传春秋系列
|
|
| 作者: | 常万生 著 | |
| 分册: | ||
| 出版信息: | 长春 长春出版社 1998.02 |
|
| 页数: | 349页 | |
| 开本: | 32开 | |
| 丛书名: | ||
| 单 册: | ||
| 中图分类: | I247.53 | |
| 科图分类: | ||
| 主题词: | 小说--中国 | |
| 电子资源: | ||
| ISBN: | 7-80604-642-9 | |
| 000 | 00592nam0 2200193 45 | |
| 001 | 0104111129 | |
| 005 | 20010411112746.7 | |
| 010 | @a7-80604-642-9@d16.80元 | |
| 100 | @a20010411d1998 km y0chiy0120 ea | |
| 101 | 0 | @achi |
| 105 | @a z 000yy | |
| 200 | 1 | @a折狱明公:常万生史传春秋系列@AZhe Yu Ming Gong:Chang Wan Sheng Shi Chuan Chun Qiu Xi Lie@f常万生著@FChang Wan Sheng Zhu |
| 210 | @a长春@c长春出版社@d1998.02 | |
| 215 | @a349页@d32开 | |
| 606 | 0 | @a小说@x中国 |
| 690 | @aI247.53@v3 | |
| 701 | 0 | @a常万生@4著 |
| 801 | @aCN@bPftUser@c20010411 | |
| 905 | @dI247.53@eCH797/4@b337504-505@f2 | |
| 折狱明公:常万生史传春秋系列/常万生著.-长春:长春出版社,1998.02 |
| 349页;32开 |
| ISBN 7-80604-642-9:16.80元 |
| ● |
| 相关链接 |
|
|
|
正题名:折狱明公:常万生史传春秋系列
索取号:I247.53/CH797/4
 
预约/预借
| 序号 | 登录号 | 条形码 | 馆藏地/架位号 | 状态 | 备注 |
| 1 | 337504 | 203375043 | 社科二线422/422社科库 4排2列1层/ [索取号:I247.53/CH797/4] | 在馆 | |
| 2 | 337505 | 203375052 | 社科二线422/422社科库 4排2列1层/ [索取号:I247.53/CH797/4] | 在馆 |